Control de costos y gastos en los restaurantes /

Contenido: introducción; Fundamentos de administración; Fundamentos de costos y gastos; Los costos en los restaurantes; Conciliación de costos en los restaurantes; Control de costos en los restaurantes; Rastreo de las diferencias; Temas selectos de costos; Los gastos en los restaurantes.

Kaydedildi:
Detaylı Bibliyografya
Yazar: Cuevas D., Francisco (autor)
Materyal Türü: Kitap
Dil:İspanyolca
Baskı/Yayın Bilgisi: México : Limusa, 2012, c2012
Konular:
Etiketler: Etiketle
Etiket eklenmemiş, İlk siz ekleyin!

MARC

LEADER 00000nam^a2200000^a^4500
001 000152746
005 20250521000000.0
009 20260310100255.411
020 |a 978-968-18-6355-5 
037 |a Acervo ITESO - Biblioteca 
041 |a ESP 
082 |a 658. 916424  |b CUE 
100 |a Cuevas D., Francisco  |e (autor) 
245 1 0 |a Control de costos y gastos en los restaurantes /  |c F. Cuevas D. ; pról. de Francisco A. Fernández Alonso. 
264 4 |a México :  |b Limusa,  |c 2012, c2012 
300 |a 163 p. 
336 |a texto  |b txt  |2 rdacontenido 
337 |a sin mediación  |b n  |2 rdamedio 
338 |a volumen  |b nc  |2 rdasoporte 
520 |a Contenido: introducción; Fundamentos de administración; Fundamentos de costos y gastos; Los costos en los restaurantes; Conciliación de costos en los restaurantes; Control de costos en los restaurantes; Rastreo de las diferencias; Temas selectos de costos; Los gastos en los restaurantes. 
649 |a XX 
650 |a Cafeterías y Restaurantes -  |x Administración -  |x Tema Principal 
650 |a Industria Alimenticia 
650 |a Costos de Operación -  |x Tema Principal 
650 |a Contabilidad de Costos 
650 |a Contabilidad 
650 |a Administración 
650 |a Ciencias Administrativas 
910 |a Fondo General 
920 |a Impresos - Libros 
930 |a Colección General 
905 |a 101 
901 |a 0500291393  |b IT1  |c ACC  |i d82423  |u 20250521 
902 |a https://opac.biblio.iteso.mx/vufind/Record/000152746